Подробности
| 000 -МАРКЕР |
| контрольное поле |
02838nam0a22003731 4500 |
| 001 - ИДЕНТИФИКАТОР ЗАПИСИ |
| контрольное поле |
rc\3344080 |
| 005 - ИДЕНТИФИКАТОР ВЕРСИИ |
| контрольное поле |
20250609182410.0 |
| 021 ## - НОМЕР ГОСУДАРСТВЕННОЙ РЕГИСТРАЦИИ |
| Код страны |
Российская Федерация |
| Номер |
[83-2528] |
| 035 ## - ДРУГИЕ СИСТЕМНЫЕ НОМЕРА |
| Идентификатор записи |
(NLR Aleph) 007432488 |
| 100 ## - ДАННЫЕ ОБЩЕЙ ОБРАБОТКИ |
| Данные общей обработки |
20130115d1982 |||y0rusy50 ca |
| 101 0# - ЯЗЫК РЕСУРСА |
| Язык текста, звукозаписи и т.д. |
русский |
| 102 ## - СТРАНА ПУБЛИКАЦИИ ИЛИ ПРОИЗВОДСТВА |
| Страна публикации |
Российская Федерация |
| 105 ## - ПОЛЕ КОДИРОВАННЫХ ДАННЫХ: ТЕКСТОВЫЕ МАТЕРИАЛЫ, МОНОГРАФИЧЕСКИЕ |
| Кодированные данные о монографическом текстовом документе |
y z |||a| |
| 200 1# - ЗАГЛАВИЕ И СВЕДЕНИЯ ОБ ОТВЕТСТВЕННОСТИ |
| Основное заглавие |
Точка опоры |
| Сведения, относящиеся к заглавию |
Повести и рассказы |
| -- |
[4] |
| Первые сведения об ответственности |
[Послесл. Е. Кутузова] |
| 210 ## - ПУБЛИКАЦИЯ, РАСПРОСТРАНЕНИЕ И ДР. |
| Место издания, распространения и т.д. |
Ленинград |
| Имя издателя, распространителя и т. д. |
Лениздат |
| Дата издания, распространения и т.д. |
1982 |
| 215 ## - ФИЗИЧЕСКАЯ ХАРАКТЕРИСТИКА |
| Специфическое обозначение материала и объем |
351 с. |
| Размеры |
21 |
| 327 1# - ПРИМЕЧАНИЯ О СОДЕРЖАНИИ |
| Текст примечания |
Содерж.: Повести: Пока не выпал снег / В. Рекшан. Вниз по реке / Н. Шумаков. Прикосновение / Е. Туинов. Горсть бабушкиных дней / А. Широв. "Ах, Титов, Титов ..." / О. Носов. Камышовые странники / А. Стерликов. Рассказы: Всем памятники / А. Скоков. Дачный рассказ / И. Борисова. Тридцать метров сатина / Д. Макарова. Лесной дед / А. Степанов, и рассказы др. авт. |
| 464 #0 - АНАЛИТИЧЕСКИЙ УРОВЕНЬ |
| Встроенное поле |
2001#$aВсем памятники$eРассказ |
| -- |
700#1$aСкоков$bА. |
| Заглавие |
Всем памятники |
| Автор |
Скоков, А. |
| 464 #0 - АНАЛИТИЧЕСКИЙ УРОВЕНЬ |
| Встроенное поле |
2001#$aКамышовые странники$eПовесть |
| -- |
700#1$aСтерликов$bА. |
| Заглавие |
Камышовые странники |
| Автор |
Стерликов, А. |
| 464 #0 - АНАЛИТИЧЕСКИЙ УРОВЕНЬ |
| Встроенное поле |
2001#$aДачный рассказ$eРассказ |
| -- |
700#1$aБорисова$bИ. |
| Заглавие |
Дачный рассказ |
| Автор |
Борисова, И. |
| 464 #0 - АНАЛИТИЧЕСКИЙ УРОВЕНЬ |
| Встроенное поле |
2001#$aЛесной дед$eРассказ |
| -- |
700#1$aСтепанов$bА. |
| Заглавие |
Лесной дед |
| Автор |
Степанов, А. |
| 464 #0 - АНАЛИТИЧЕСКИЙ УРОВЕНЬ |
| Встроенное поле |
2001#$aТридцать метров сатина$eРассказ |
| -- |
700#1$aМакарова$bД. |
| Заглавие |
Тридцать метров сатина |
| Автор |
Макарова, Д. |
| 464 #0 - АНАЛИТИЧЕСКИЙ УРОВЕНЬ |
| Встроенное поле |
2001#$a"Ах, Титов, Титов..."$eПовесть |
| -- |
700#1$aНосов$bО. |
| Заглавие |
"Ах, Титов, Титов..." |
| Автор |
Носов, О. |
| 464 #0 - АНАЛИТИЧЕСКИЙ УРОВЕНЬ |
| Встроенное поле |
2001#$aВниз по реке$eПовесть |
| -- |
700#1$aШумаков$bН. |
| Заглавие |
Вниз по реке |
| Автор |
Шумаков, Н. |
| 464 #0 - АНАЛИТИЧЕСКИЙ УРОВЕНЬ |
| Встроенное поле |
2001#$aПока не выпал снег$eПовесть |
| -- |
700#1$aРекшан$bВ. |
| Заглавие |
Пока не выпал снег |
| Автор |
Рекшан, В. |
| 464 #0 - АНАЛИТИЧЕСКИЙ УРОВЕНЬ |
| Встроенное поле |
2001#$aГорсть бабушкиных дней$eПовесть |
| -- |
700#1$aШиров$bА. |
| Заглавие |
Горсть бабушкиных дней |
| Автор |
Широв, А. |
| 464 #0 - АНАЛИТИЧЕСКИЙ УРОВЕНЬ |
| Встроенное поле |
2001#$aПрикосновение$eПовесть |
| -- |
700#1$aТуинов$bЕ. |
| Заглавие |
Прикосновение |
| Автор |
Туинов, Е. |
| 702 #1 - ИМЯ ЛИЦА - ВТОРИЧНАЯ ОТВЕТСТВЕННОСТЬ |
| Начальный элемент ввода |
Кутузов |
| Часть имени, кроме начального элемента ввода |
Е. |
| Код отношения |
Автор введения, предисловия, примечания и т.п. |
| 801 #0 - ИСТОЧНИК ЗАПИСИ |
| Страна |
Российская Федерация |
| Организация |
NLR |
| Правила каталогизации |
psbo |
| 801 #1 - ИСТОЧНИК ЗАПИСИ |
| Страна |
Российская Федерация |
| Организация |
ELAR |
| Источник данных |
rusmarc |
| 852 ## - МЕСТОНАХОЖДЕНИЕ И ШИФР ХРАНЕНИЯ |
| Идентификатор организации |
NLR |
| Шифр хранения (Call Number) |
83-3/3726 |
| 942 ## - ДОПОЛНИТЕЛЬНЫЕ ЭЛЕМЕНТЫ ЗАПИСИ (АБИС) |
| Тип экземпляра АБИС |
Книга |
| 980 ## - КОЛЛЕКЦИЯ |
| Название коллекции |
Национальная библиография |